Der schwierige Weg zum Frieden: die Friedensfrage und das Ringen um Wahrheit

Saved in:
Bibliographic Details
Main Author: Duchrow, Ulrich (Author)
Format: Chapter/Article Conference Paper
Language:German
Published: [2024]
In: Friedenssehnsucht - Wissenschaften und Künste zwischen Krieg und Frieden
Year: 2024, Pages: 35-39
Online Access: Get full text
Author Notes:Ulrich Duchrow

MARC

LEADER 00000caa a2200000 c 4500
001 1892401088
003 DE-627
005 20250424130232.0
007 tu
008 240628s2024 xx ||||| 00| ||ger c
035 |a (DE-627)1892401088 
035 |a (DE-599)KXP1892401088 
035 |a (OCoLC)1475300924 
040 |a DE-627  |b ger  |c DE-627  |e rda 
041 |a ger 
084 |a 16  |2 sdnb 
084 |a 1  |2 ssgn 
100 1 |a Duchrow, Ulrich  |d 1935-  |e VerfasserIn  |0 (DE-588)105365084  |0 (DE-627)512389284  |0 (DE-576)289533252  |4 aut 
245 1 4 |a Der schwierige Weg zum Frieden  |b die Friedensfrage und das Ringen um Wahrheit  |c Ulrich Duchrow 
264 1 |c [2024] 
300 |a 5 
336 |a Text  |b txt  |2 rdacontent 
337 |a ohne Hilfsmittel zu benutzen  |b n  |2 rdamedia 
338 |a Band  |b nc  |2 rdacarrier 
773 0 8 |i Enthalten in  |t Friedenssehnsucht - Wissenschaften und Künste zwischen Krieg und Frieden  |d Heidelberg : Universitätsverlag Winter, 2024  |g (2024), Seite 35-39  |h 158 Seiten  |w (DE-627)1882806492  |z 9783825395889  |z 382539588X  |7 nnam  |a Der schwierige Weg zum Frieden die Friedensfrage und das Ringen um Wahrheit 
773 1 8 |g year:2024  |g pages:35-39  |g extent:5  |a Der schwierige Weg zum Frieden die Friedensfrage und das Ringen um Wahrheit 
951 |a AR 
992 |a 20240628 
993 |a ConferencePaper 
994 |a 2024 
998 |g 105365084  |a Duchrow, Ulrich  |m 105365084:Duchrow, Ulrich  |d 10000  |e 10000PD105365084  |k 0/10000/  |p 1  |x j  |y j 
999 |a KXP-PPN1892401088  |e 4543010132 
BIB |a Y 
JSO |a {"name":{"displayForm":["Ulrich Duchrow"]},"physDesc":[{"extent":"5 S."}],"person":[{"family":"Duchrow","display":"Duchrow, Ulrich","given":"Ulrich","role":"aut"}],"id":{"eki":["1892401088"]},"origin":[{"dateIssuedKey":"2024","dateIssuedDisp":"[2024]"}],"relHost":[{"recId":"1882806492","type":{"bibl":"edited-book"},"name":{"displayForm":["herausgegeben und eingeleitet von Hermes Andreas Kick, Violeta Dinescu"]},"relMultPart":[{"disp":"Heidelberger Silvestergespräche","pubHistory":["Band 5 [?]-"],"origin":[{"publisher":"Universitätsverlag Winter","publisherPlace":"Heidelberg","dateIssuedDisp":"[2024]-"}],"part":{"number":["Band 5"],"number_sort":["5"]},"dispAlt":"Heidelberger Silvestergespräche","type":{"bibl":"serial"},"title":[{"title_sort":"Heidelberger Silvestergespräche","title":"Heidelberger Silvestergespräche"}],"recId":"1888015934","language":["ger"],"physDesc":[{"extent":"Bände","noteFormat":"21 cm"}],"id":{"zdb":["3186814-9"],"issn":["3052-3583"],"eki":["1888015934"]}}],"origin":[{"publisher":"Universitätsverlag Winter","dateIssuedKey":"2024","dateIssuedDisp":"[2024]","publisherPlace":"Heidelberg"}],"part":{"text":"(2024), Seite 35-39","pages":"35-39","year":"2024","extent":"5"},"disp":"Der schwierige Weg zum Frieden die Friedensfrage und das Ringen um WahrheitFriedenssehnsucht - Wissenschaften und Künste zwischen Krieg und Frieden","language":["ger"],"title":[{"title":"Friedenssehnsucht - Wissenschaften und Künste zwischen Krieg und Frieden","title_sort":"Friedenssehnsucht - Wissenschaften und Künste zwischen Krieg und Frieden"}],"person":[{"family":"Kick","given":"Hermes Andreas","display":"Kick, Hermes Andreas","role":"edt"},{"family":"Dinescu","role":"edt","display":"Dinescu, Violeta","given":"Violeta"}],"physDesc":[{"noteIll":"Illustrationen","extent":"158 Seiten"}],"corporate":[{"display":"Carl-Winter-Universitätsverlag","role":"pbl"}],"id":{"eki":["1882806492"],"isbn":["9783825395889","382539588X"]}}],"language":["ger"],"recId":"1892401088","title":[{"title":"Der schwierige Weg zum Frieden","title_sort":"schwierige Weg zum Frieden","subtitle":"die Friedensfrage und das Ringen um Wahrheit"}],"type":{"bibl":"chapter"}} 
SRT |a DUCHROWULRSCHWIERIGE2024